000 00410nam a2200181Ia 4500
005 20250423100924.0
008 250422s9999 xx 000 0 und d
020 _a8120329449
050 _aHD 62 .5 .A343/
100 _aAbrams, Rhonda
245 0 _aSix-week start up
260 _aNew delhi
260 _bEastern economy
260 _c2006
300 _a283 p
650 _aManagement
942 _cBK
999 _c34753
_d34753